Pengalaman drama Noh di Jepun

Bibliographic Details
Main Author: Rahmah Bujang
Format: Book
Published: Kuala Lumpur : UM , 1996
Subjects:

MARC

LEADER 00000cam a2200000 7i4500
001 0000016149
005 20080423.0
008 080423
020 |a 9831000021 
090 0 0 |a 895.62   |b RAH 
100 0 |a Rahmah Bujang 
245 1 0 |a Pengalaman drama Noh di Jepun   |c Rahmah Bujang 
260 |a Kuala Lumpur :   |b UM ,   |c 1996 
650 0 |a Japanese drama 
650 0 |a No plays 
999 |a 0001018864   |b Book   |c Adult Collection   |e Perbadanan Perpustakaan Awam Johor